000 00411nam a2200145Ia 4500
008 220217s9999||||xx |||||||||||||| ||und||
020 _a9780070658981
082 _a910.285 CHA
100 _aChang, Kang Tsung
_93530
245 0 _aIntroduction to geographic information systems
250 _a4th
260 _aMcgraw hill book company
_bNew Delhi
_c2015
300 _aXIV, 450p.
_b775
650 _aCIVIL
999 _c187249
_d187249